| 000 | 00980cadsa22002175a 4500 | ||
|---|---|---|---|
| 001 | L142836 | ||
| 008 | 080313e20080313xxk g 000 0 eng d | ||
| 035 | _a(Sirsi) u142836 | ||
| 041 | 0 | _aeng | |
| 110 | 2 |
_aRoyal Institution of Chartered Surveyors _94900 |
|
| 245 | 0 | 0 |
_aRICS response to UK Budget _h[electronic resource] |
| 260 | _c2008 | ||
| 520 | _aRICS policy analysis of the UK budget March 2008. Covers: building new homes on public sector land; VAT reductions on refurbishment and renovation of properties; stamp duty relief on shared equity schemes; excluding low value transactions from stamp duty administration; long term fixed rate mortgages; empty property rates. | ||
| 590 | _aKA | ||
| 650 | 2 | 4 | _aBUDGET 2008 |
| 650 | 2 | 4 | _aRATING (EMPTY PROPERTIES) ACT 2007 |
| 651 | 4 |
_aUnited Kingdom _y |
|
| 690 | _aECONOMY | ||
| 856 | 4 | 0 |
_uhttps://www.rics.org/RICSWEB/getpage.aspx?p=iUAPuzCPCEWaTZRQQUoCsA/ _zView the article free of charge at www.rics.org... |
| 942 | _n0 | ||
| 999 |
_c79949 _d79949 |
||